| 000 | 01630cam a2200397 a 4500 | ||
|---|---|---|---|
| 001 | 2504408 | ||
| 003 | OSt | ||
| 005 | 20140310184350.0 | ||
| 008 | 920529s1993 nyua j 000 0aeng | ||
| 010 | _a 92021831 | ||
| 020 | _a9780439611817 | ||
| 040 |
_aDLC _cDLC _dDLC _dOCoLC _dDLC |
||
| 042 | _alcac | ||
| 043 | _ae-ur-un | ||
| 050 | 0 | 0 |
_aDS 135.R93 _b.T651 2004 |
| 100 | 1 | _aToll, Nelly S. | |
| 245 | 1 | 0 |
_aBehind the secret window : _ba memoir of a hidden childhood during World War Two / _cNelly S. Toll. |
| 250 | _a1st ed. | ||
| 260 |
_aNew York : _bScholastic, _c2004. |
||
| 300 |
_axiii, 161 p. : _bcol. ill. ; _c19 cm. |
||
| 521 | _aG8 | ||
| 526 | _c910 | ||
| 600 | 1 | 0 |
_aToll, Nelly S. _xJuvenile literature. _925042 |
| 600 | 1 | 1 | _aToll, Nelly S. |
| 650 | 0 |
_aJews _xPersecutions _zUkraine _zLʹviv _xJuvenile literature. _925043 |
|
| 650 | 0 |
_aHolocaust, Jewish (1939-1945) _zUkraine _zLʹviv _xPersonal narratives _xJuvenile literature. _925044 |
|
| 650 | 0 |
_aWorld War, 1939-1945 _xChildren _zUkraine _zLʹviv _xJuvenile literature. _925045 |
|
| 650 | 1 |
_aJews _xPersecutions _zUkraine _zLʹviv. _925046 |
|
| 650 | 1 |
_aHolocaust, Jewish (1939-1945) _zUkraine _zLʹviv _xPersonal narratives. _925047 |
|
| 650 | 1 |
_aWorld War, 1939-1945 _zUkraine _zLʹviv. _925048 |
|
| 651 | 0 |
_aLʹviv (Ukraine) _xEthnic relations _xJuvenile literature. _925049 |
|
| 906 |
_a7 _bcbc _corignew _d1 _eocip _f19 _gy-gencatlg |
||
| 942 |
_2lcc _cBK-SCHOLAS |
||
| 999 |
_c33926 _d33926 |
||